Animales salvajes / (Registro nro. 8980)

Detalles MARC
000 -LIDER
fixed length control field 00814nam a22002897a 4500
001 - NÚMERO DE CONTROL
Identificador de número de control 0164
003 - IDENTIFICACDOR DE NÚMERO DE CONTROL
control field DO-SdBNP
005 - DATE AND TIME OF LATEST TRANSACTION
control field 20180223151620.0
007 - CAMPOS FIJOS DE DESCRIPCIÓN FÍSICA
fixed length control field 0164
008 - ELEMENTOS DE LONGITUD FIJA
fixed length control field 151005b1989 sp 00| 0 spa d
020 ## - ISBN
International Standard Book Number 8477123357 (obra completa)
020 ## - ISBN
International Standard Book Number 847712342X (v. 7)
040 ## - FUENTE DE CATALOGACIÓN
Agencia que crea de manera original el registro BPMSU
Idioma de catalogación spa
Agencia que realiza la transcripción BPMSU
092 ## - LOCALLY ASSIGNED DEWEY DECIMAL CALL NUMBER
Número de clasificación XXXX
Número de ítem (Cutter) XXXX
245 00 - MENCIÓN DE TITULO
Título Animales salvajes /
Mención de responsabilidad equipo multilibro
260 ## - PUBLICACIÓN, DISTRIBUCIÓN, ETC. (PIE DE IMPRENTA)
Lugar de publicación, distribución, etc Barcelona :
Nombre del editor, distribuidor, etc. Multilibro,
Fecha de publicación, distribución, etc 1989.
300 ## - DESCRIPCIÓN FÍSICA
Extensión v. :
Dimensiones 21 cm.
490 ## - MENCIÓN DE SERIES
Mención de serie Animales salvajes
500 ## - NOTA GENERAL
Nota general
505 1# - NOTA DE CONTENIDO
Información miscelánea v.1 : El tigre -- v. 3 : El oso -- v. 4 :El león : v. 5 : La jirafa : v. 7 : El gorila
710 2# - ASIENTO SECUNDARIO -- NOMBRE CORPORATIVO
Nombre corporativo o de jurisdicción Equipo Multilibro
830 #0 - ASIENTO SECUNDARIO DE SERIE--TÍTULO UNIFORME
Título uniforme Animales salvajes
910 ## - VALIDACIÓN
Validación 202
942 ## - ADDED ENTRY ELEMENTS (KOHA)
Source of classification or shelving scheme Dewey Decimal Classification
Koha item type Libros
945 ## - INFORMACIÓN DE PROCESAMIENTO LOCAL
Información de procesamiento local Inventariado Infantil extranjero / 2018 VM
956 ## - LOCAL ELECTRONIC LOCATION AND ACCESS (OCLC)
Nombre de host YLOCKWARD
Número de acceso 10
Información de compresión BPMSU
Existencias
Withdrawn status Lost status Source of classification or shelving scheme Damaged status Not for loan Collection code Home library Current library Date acquired Source of acquisition Total Checkouts Barcode Date last seen Copy number Price effective from Koha item type
    Dewey Decimal Classification     Colección Infantil General Biblioteca Pública Metropolitana Salomé Ureña Biblioteca Pública Metropolitana Salomé Ureña 12/01/2015 Donación   BPMSU15120015 12/01/2015 v. 1 12/01/2015 Libros
    Dewey Decimal Classification     Colección Infantil General Biblioteca Pública Metropolitana Salomé Ureña Biblioteca Pública Metropolitana Salomé Ureña 02/12/2018 Donación   BPMSU18020117 02/12/2018 v. 3 02/12/2018 Libros
    Dewey Decimal Classification     Colección Infantil General Biblioteca Pública Metropolitana Salomé Ureña Biblioteca Pública Metropolitana Salomé Ureña 02/12/2018 Donación   BPMSU18020118 02/12/2018 v. 5 02/12/2018 Libros
    Dewey Decimal Classification     Colección Infantil General Biblioteca Pública Metropolitana Salomé Ureña Biblioteca Pública Metropolitana Salomé Ureña 02/12/2018 Donación   BPMSU18020119 02/12/2018 v. 4 02/12/2018 Libros
    Dewey Decimal Classification     Colección Infantil General Biblioteca Pública Metropolitana Salomé Ureña Biblioteca Pública Metropolitana Salomé Ureña 02/12/2018 Donado por Fundi   BPMSU18020120 02/12/2018 v. 7 02/12/2018 Libros